[Event "Russian Championship G19 2016"]
[Site "Loo"]
[Date "2016.04.27"]
[Round "8.17"]
[White "Shakirova, Renata"]
[Black "Bocharova, Ulyana"]
[Result "1-0"]
[WhiteElo "1924"]
[BlackElo "1939"]
[PlyCount "51"]
[EventDate "2016.04.20"]

1. e4 e6 2. d4 d5 3. Nc3 Nf6 4. e5 Nfd7 5. f4 c5 6. Nf3 Nc6 7. Be3 Qb6 8. Qd2
a6 9. Na4 Qa7 10. dxc5 Bxc5 11. Nxc5 Nxc5 12. Nd4 Ne4 13. Qd3 Nb4 14. Qb3 Qc5
15. Bd3 Nxd3+ 16. cxd3 Qa5+ 17. Ke2 Nc5 18. Qc2 Nd7 19. a3 O-O 20. b4 Qd8 21.
Rac1 b6 22. Qc6 Rb8 23. Qd6 Ra8 24. Nc6 Qe8 25. Ne7+ Kh8 26. Rc7 1-0

[Event "Russian Championship G19 2016"]
[Site "Loo"]
[Date "2016.04.27"]
[Round "8.18"]
[White "Sataeva, Lana"]
[Black "Ochneva, Inga"]
[Result "0-1"]
[WhiteElo "1726"]
[BlackElo "2042"]
[PlyCount "100"]
[EventDate "2016.04.20"]

1. e4 c5 2. Nf3 e6 3. d4 cxd4 4. Nxd4 Nc6 5. c3 Nf6 6. Bd3 Qc7 7. Nd2 d5 8. Nb5
Qb8 9. exd5 Nxd5 10. Be4 Nf6 11. Bxc6+ bxc6 12. Nd4 c5 13. N4f3 Be7 14. O-O O-O
15. b3 Bb7 16. Bb2 e5 17. c4 e4 18. Nh4 Qf4 19. g3 Qg5 20. Qe2 g6 21. Rae1 Rfe8
22. Ng2 Rad8 23. Ne3 Qh5 24. Qxh5 Nxh5 25. Nd5 Bxd5 26. cxd5 f5 27. Nc4 Rxd5
28. g4 Nf4 29. gxf5 gxf5 30. Ne3 Rd2 31. Bc3 Ne2+ 32. Kh1 Nxc3 33. Nxf5 Rd5 34.
Rg1+ Kf8 35. Ng7 Rc8 36. Ne6+ Kf7 37. Nf4 Rf5 38. Rg4 h5 39. Nxh5 Rxh5 40. Reg1
Rch8 41. R1g2 Bd6 42. Rg7+ Ke8 43. Rxa7 Rxh2+ 44. Rxh2 Rxh2+ 45. Kg1 Nd1 46.
Kf1 Nxf2 47. a4 e3 48. Ke2 Ng4+ 49. Kf3 e2 50. Kxg4 e1=Q 0-1

[Event "Russian Championship G19 2016"]
[Site "Loo"]
[Date "2016.04.27"]
[Round "8.19"]
[White "Nenasheva, Diana"]
[Black "Kalinovskaya, Lyudmila"]
[Result "0-1"]
[WhiteElo "1740"]
[BlackElo "1618"]
[PlyCount "82"]
[EventDate "2016.04.20"]

1. d4 f5 2. c4 Nf6 3. Nf3 e6 4. Nc3 Be7 5. e3 O-O 6. Be2 d6 7. O-O a5 8. b3 c6
9. Bb2 Qc7 10. Qc2 e5 11. e4 Nxe4 12. Nxe4 fxe4 13. Qxe4 Bf5 14. Qe3 e4 15. Nd2
d5 16. c5 Rf6 17. Rfe1 Rh6 18. Nf1 Na6 19. a3 Rf8 20. Ng3 Qd7 21. Nxf5 Qxf5 22.
Bc1 Bg5 23. f4 Bxf4 24. Qxf4 Qxf4 25. Bxf4 Rxf4 26. Rf1 Rxf1+ 27. Rxf1 Nc7 28.
a4 Ne6 29. Rd1 Rg6 30. Bh5 Rg5 31. g4 Nxd4 32. Rxd4 g6 33. Bxg6 Rxg4+ 34. Kf2
Rxg6 35. b4 Rf6+ 36. Ke2 axb4 37. Rxb4 Rf7 38. a5 Kg7 39. a6 bxa6 40. Rb6 Rc7
41. Rxa6 Kf6 0-1

[Event "Russian Championship B11 1st league 2016"]
[Site "Loo"]
[Date "2016.04.27"]
[Round "8.1"]
[White "Kolchin, Maxim"]
[Black "Khubukshanov, Erdem"]
[Result "1-0"]
[WhiteElo "1666"]
[BlackElo "1573"]
[PlyCount "41"]
[EventDate "2016.04.20"]

1. d4 d5 2. Nf3 e6 3. Bf4 c5 4. e3 Nf6 5. c3 Nc6 6. Bd3 Bd6 7. Bg3 O-O 8. Nbd2
Re8 9. Ne5 Qc7 10. f4 Bf8 11. O-O Qb6 12. Bh4 Ne4 13. Nxe4 dxe4 14. Bxe4 f5 15.
Bxc6 bxc6 16. Qh5 Ba6 17. Qf7+ Kh8 18. Rf3 Qxb2 19. Re1 Qb7 20. Be7 h6 21. Rh3
1-0

[Event "Russian Championship B11 1st league 2016"]
[Site "Loo"]
[Date "2016.04.27"]
[Round "8.3"]
[White "Smirnov, Saveliy"]
[Black "Ivanov, Artem"]
[Result "1-0"]
[WhiteElo "1501"]
[BlackElo "1577"]
[PlyCount "57"]
[EventDate "2016.04.20"]

1. e4 e5 2. Nf3 Nc6 3. d4 exd4 4. Nxd4 Nf6 5. Nc3 Bb4 6. Nxc6 bxc6 7. Bd3 d6 8.
O-O O-O 9. Bg5 h6 10. Bh4 Re8 11. f4 Bg4 12. Bxf6 Qd7 13. Qe1 Bc5+ 14. Kh1 gxf6
15. f5 Kh7 16. Qh4 Rg8 17. Rf4 Rg5 18. Rxg4 Bf2 19. Qh3 Re8 20. Rxg5 fxg5 21.
e5 Kg8 22. Ne4 Qe7 23. Nf6+ Kg7 24. Nxe8+ Kf8 25. f6 Qxe5 26. Qxh6+ Kxe8 27.
Qh8+ Kd7 28. Ba6 d5 29. Bc8+ 1-0

[Event "Russian Championship B11 1st league 2016"]
[Site "Loo"]
[Date "2016.04.27"]
[Round "8.5"]
[White "Kuzmin, Roman"]
[Black "Ionochkin, Maksim"]
[Result "1-0"]
[WhiteElo "1756"]
[BlackElo "1761"]
[PlyCount "87"]
[EventDate "2016.04.20"]

1. e4 c6 2. d4 d5 3. Nc3 dxe4 4. Nxe4 Bf5 5. Ng3 Bg6 6. Bc4 Nf6 7. N1e2 h6 8.
Nf4 Bh7 9. O-O g6 10. c3 Bg8 11. Qc2 Bh7 12. Qb3 Bg8 13. Qxb7 Nbd7 14. Qxc6 Rc8
15. Qa4 Qc7 16. Bd3 Bh7 17. Ne4 Bg7 18. Nxf6+ Bxf6 19. Nd5 Qc6 20. Qxc6 Rxc6
21. Bb5 Rd6 22. Nxf6+ Rxf6 23. Bxh6 Rb6 24. Bxd7+ Kxd7 25. b3 f6 26. Be3 Rc6
27. c4 a5 28. d5 Ra6 29. c5 g5 30. f4 Be4 31. Rfd1 g4 32. Rac1 Rh5 33. c6+ Kc7
34. Rc5 Rh8 35. Rb5 Rd8 36. f5 Rxc6 37. Bf4+ Rcd6 38. Rc1+ Kd7 39. Rb7+ Ke8 40.
Bxd6 Rxd6 41. Re1 Bxd5 42. Rexe7+ Kf8 43. Red7 Bxb7 44. Rxd6 1-0

[Event "Russian Championship B11 1st league 2016"]
[Site "Loo"]
[Date "2016.04.27"]
[Round "8.6"]
[White "Pavlov, Mark"]
[Black "Ermolaev, Ivan"]
[Result "0-1"]
[WhiteElo "1624"]
[BlackElo "1632"]
[PlyCount "76"]
[EventDate "2016.04.20"]

1. c4 Nf6 2. Nc3 d5 3. cxd5 Nxd5 4. g3 g6 5. Bg2 Nxc3 6. bxc3 Bg7 7. Nf3 O-O 8.
O-O c5 9. Rb1 Nd7 10. Bb2 Nb6 11. d3 Bd7 12. c4 Bxb2 13. Rxb2 Bc6 14. Qd2 Qd6
15. Rc1 e5 16. Qe3 Rfe8 17. Ng5 Bxg2 18. Kxg2 f5 19. Nh3 e4 20. Qd2 exd3 21.
exd3 Rad8 22. Rd1 Qc6+ 23. Kg1 Nxc4 24. dxc4 Rxd2 25. Rbxd2 a6 26. Nf4 b5 27.
Rc2 Qf3 28. Rdc1 Rd8 29. Rf1 Rd1 30. Rc1 Rxf1+ 31. Rxf1 bxc4 32. Rc1 c3 33. Ng2
Qd3 34. Ne3 g5 35. a4 f4 36. Nd1 Qd2 37. Rxc3 Qxd1+ 38. Kg2 Qd4 0-1

[Event "Russian Championship B11 1st league 2016"]
[Site "Loo"]
[Date "2016.04.27"]
[Round "8.8"]
[White "Israfilov, Ali"]
[Black "Anikeev, Mark"]
[Result "1/2-1/2"]
[WhiteElo "1518"]
[BlackElo "1707"]
[PlyCount "86"]
[EventDate "2016.04.20"]

1. e4 c5 2. Nf3 d6 3. d4 cxd4 4. Nxd4 Nf6 5. Nc3 Nc6 6. f3 g6 7. Be3 Bg7 8. Qd2
O-O 9. O-O-O Re8 10. g4 Bd7 11. h4 h5 12. g5 Nh7 13. f4 a6 14. Bc4 b5 15. Bb3
b4 16. Nce2 a5 17. f5 Nf8 18. Nf4 Ne5 19. Rdf1 e6 20. a3 bxa3 21. bxa3 a4 22.
Ba2 Rb8 23. c3 Qc8 24. f6 Bh8 25. Rhg1 Nc4 26. Bxc4 Qxc4 27. Nfe2 Qb3 28. Qc2
Qxa3+ 29. Kd1 Rb2 30. Bc1 Rxc2 31. Bxa3 Ra2 32. Bxd6 Kh7 33. Bb4 Rd8 34. Be7
Rb8 35. Nc1 Ra1 36. Bb4 Bc6 37. Kc2 Bxe4+ 38. Kb2 Rb1+ 39. Ka2 e5 40. Re1 Bf5
41. Rxe5 Bc2 42. Re2 Bf5 43. Rd1 Kg8 1/2-1/2

[Event "Russian Championship B11 1st league 2016"]
[Site "Loo"]
[Date "2016.04.27"]
[Round "8.9"]
[White "Leukhin, Artem"]
[Black "Kuprin, Alexander"]
[Result "1/2-1/2"]
[WhiteElo "1503"]
[BlackElo "1609"]
[PlyCount "89"]
[EventDate "2016.04.20"]

1. e4 e5 2. Nf3 Nc6 3. Bb5 a6 4. Ba4 d6 5. c3 Nf6 6. d4 b5 7. Bc2 Bg4 8. d5 Na5
9. O-O Be7 10. h3 Bh5 11. Bg5 Bxf3 12. Qxf3 Nxd5 13. Bxe7 Nxe7 14. b4 Nc4 15.
Bb3 O-O 16. Bxc4 bxc4 17. Qe2 Ng6 18. Nd2 Qg5 19. Nxc4 Nf4 20. Qf3 Rae8 21. Kh2
f5 22. exf5 Qxf5 23. Ne3 Qd7 24. Qe4 Qe6 25. c4 Rf6 26. Nd5 Nxd5 27. Qxd5 Qxd5
28. cxd5 Rf4 29. a3 Ref8 30. Kg1 Rc4 31. Rac1 Rff4 32. Rfd1 Kf7 33. Kf1 Ke7 34.
Ke2 Kd7 35. Rxc4 Rxc4 36. Rd3 Rc2+ 37. Ke3 c6 38. dxc6+ Kxc6 39. a4 Rb2 40.
Rc3+ Kd7 41. Rc4 d5 42. Rc5 Rxb4 43. Rxd5+ Ke6 44. Ra5 Rb6 45. Rc5 1/2-1/2

[Event "Russian Championship B11 1st league 2016"]
[Site "Loo"]
[Date "2016.04.27"]
[Round "8.10"]
[White "Rezvyi, Dmitri"]
[Black "Fridman, Roman A"]
[Result "0-1"]
[WhiteElo "1477"]
[BlackElo "1591"]
[PlyCount "98"]
[EventDate "2016.04.20"]

1. a3 d5 2. e3 e5 3. d4 e4 4. c4 Nf6 5. Nc3 c6 6. Qb3 Be7 7. Nge2 Na6 8. Ng3
Nc7 9. Be2 O-O 10. O-O Rb8 11. f3 exf3 12. Bxf3 Be6 13. cxd5 Ncxd5 14. Nxd5
Bxd5 15. Bxd5 cxd5 16. Bd2 Bd6 17. Ne2 Re8 18. h3 Ne4 19. Qd3 Qg5 20. Rf3 Re7
21. Nc3 Bg3 22. Raf1 g6 23. Be1 Nxc3 24. Bxc3 Rbe8 25. e4 Bc7 26. e5 Bb6 27.
Bd2 Qxe5 28. Be3 Qe4 29. Qd2 f5 30. Bg5 Qxd4+ 31. Qxd4 Bxd4+ 32. Kh1 Re1 33.
Kh2 Kf7 34. g4 Rxf1 35. Rxf1 Be5+ 36. Kg2 Ke6 37. Re1 fxg4 38. Bf4 gxh3+ 39.
Kxh3 Kd6 40. Kg2 Re6 41. Bg5 Bxb2 42. Bf4+ Kd7 43. Rb1 Re2+ 44. Kf1 Rc2 45. Ke1
b6 46. Kd1 Rg2 47. Be3 Rh2 48. Bg1 Rg2 49. Be3 h5 0-1

[Event "Russian Championship B11 1st league 2016"]
[Site "Loo"]
[Date "2016.04.27"]
[Round "8.11"]
[White "Mochalov, Dmitriy"]
[Black "Rakitin, Daniil"]
[Result "1-0"]
[WhiteElo "1558"]
[BlackElo "1498"]
[PlyCount "57"]
[EventDate "2016.04.20"]

1. e4 e6 2. d4 d5 3. Nc3 Bb4 4. e5 Ne7 5. Nf3 Ng6 6. Bg5 Be7 7. Bxe7 Qxe7 8.
Bd3 Nc6 9. O-O Nh4 10. Bb5 Nxf3+ 11. Qxf3 Bd7 12. Bxc6 Bxc6 13. Qe3 b6 14. f4
Bb7 15. f5 exf5 16. Rxf5 Qe6 17. Raf1 O-O 18. Rh5 c6 19. Rf3 h6 20. Rf6 Qg4 21.
Rfxh6 f6 22. h3 Qe6 23. Rg6 Kf7 24. Qg3 Rg8 25. Rh7 Ba6 26. Rgxg7+ Rxg7 27.
Qxg7+ Ke8 28. Rh8+ Qg8 29. Rxg8# 1-0

[Event "Russian Championship B11 1st league 2016"]
[Site "Loo"]
[Date "2016.04.27"]
[Round "8.12"]
[White "Belov, Danila"]
[Black "Yudin, Mikhail"]
[Result "1-0"]
[WhiteElo "1557"]
[BlackElo "1469"]
[PlyCount "211"]
[EventDate "2016.04.20"]

1. e4 c5 2. Nf3 e6 3. d4 cxd4 4. Nxd4 a6 5. Bd3 d6 6. O-O g6 7. Nd2 Bg7 8. c3
Ne7 9. N2f3 O-O 10. Be3 Qc7 11. Qd2 b6 12. Bh6 Bb7 13. Bxg7 Kxg7 14. Ng5 Qd7
15. h3 h6 16. Ngf3 Nbc6 17. Rfe1 Rad8 18. Rad1 Qc7 19. Nxc6 Nxc6 20. Nd4 b5 21.
Qe3 Ne7 22. f4 d5 23. e5 Nc6 24. Rf1 Bc8 25. Rf3 Na5 26. Rg3 Kh7 27. Qe2 Rg8
28. Rf1 Nc4 29. b3 Nb6 30. Qf2 Nd7 31. Qc2 Nc5 32. Be2 Ne4 33. Re3 Bd7 34. Bf3
Nc5 35. c4 bxc4 36. bxc4 Ba4 37. Qc1 Rb8 38. cxd5 exd5 39. Rc3 Rgc8 40. Qa3 Qe7
41. Rfc1 Rc7 42. Kh2 Bb5 43. Rxc5 Rbc8 44. Nb3 Bc4 45. Ra5 Qd8 46. Qd6 Rd7 47.
Qa3 d4 48. Nc5 Rdc7 49. Rxc4 d3 50. Bg4 d2 51. Qc3 d1=Q 52. Bxd1 Qxd1 53. Raa4
Rxc5 54. Rxc5 Rxc5 55. Qxc5 Qxa4 56. Qf2 Qe4 57. Qf3 Qa4 58. a3 Kg7 59. Kg3 a5
60. Qc3 Kh7 61. Kf3 Qd1+ 62. Kg3 Qa4 63. Qd3 Kg7 64. Qe3 Qc4 65. Kh2 Kh7 66.
Kg3 Kg7 67. Qf3 Qc2 68. Kh2 Qb2 69. Kg3 Qc2 70. Qe3 Qc4 71. Qf3 Qc2 72. Kh2 Qb2
73. Qd3 Qf2 74. Qf3 Qb2 75. Kg3 Qd4 76. Qb3 Qe4 77. Qf3 Qd4 78. Kh2 Qb2 79. Qg3
Kh7 80. Qe3 Qa2 81. Kg3 Qc4 82. Qf3 Qc7 83. Qb3 Qa7 84. Kh2 Qc7 85. Qd5 Kg7 86.
Qd4 Kh7 87. Qd5 Kg7 88. Qd4 Kh7 89. a4 Kg8 90. Qd5 Kg7 91. Qb5 Kh7 92. Qd5 Kg7
93. Qd4 Kh7 94. Qe4 Qd7 95. Qc4 Kg8 96. Kg3 Qd2 97. Qc8+ Kg7 98. Qc4 Kg8 99.
Kh2 Qd7 100. Qe4 Kg7 101. Kg3 Qd2 102. e6 fxe6 103. Qxe6 Qc3+ 104. Kh2 Qc7 105.
Qe5+ Qxe5 106. fxe5 1-0

[Event "Russian Championship B11 1st league 2016"]
[Site "Loo"]
[Date "2016.04.27"]
[Round "8.13"]
[White "Tetyuev, Stepan"]
[Black "Shirkunov, Alexander"]
[Result "0-1"]
[WhiteElo "1238"]
[BlackElo "1556"]
[PlyCount "72"]
[EventDate "2016.04.20"]

1. e4 c6 2. d4 d5 3. Nc3 dxe4 4. Nxe4 Nd7 5. Ng3 Ngf6 6. Bc4 e6 7. N1e2 Be7 8.
O-O O-O 9. Nf4 Nd5 10. Qg4 N5f6 11. Qd1 Qc7 12. Ngh5 Rd8 13. Re1 b6 14. Qe2
Nxh5 15. Nxh5 Nf6 16. Nxf6+ Bxf6 17. c3 Bb7 18. Qg4 c5 19. Bf4 Qc6 20. dxc5
Qxc5 21. Bb3 Bd5 22. c4 Bb7 23. Bh6 Bxb2 24. Rab1 Bd4 25. Kh1 Kh8 26. Be3 Bxe3
27. Rxe3 Qd4 28. Qe2 Qf6 29. c5 Qg6 30. Rg1 bxc5 31. Qb5 Be4 32. Qxc5 Rac8 33.
Qe5 Qxg2+ 34. Rxg2 Rc1+ 35. Bd1 Rdxd1+ 36. Re1 Rxe1# 0-1

[Event "Russian Championship B11 1st league 2016"]
[Site "Loo"]
[Date "2016.04.27"]
[Round "8.14"]
[White "Shemakhanov, Danila"]
[Black "Volkov, Vladislav"]
[Result "0-1"]
[WhiteElo "1454"]
[BlackElo "1545"]
[PlyCount "86"]
[EventDate "2016.04.20"]

1. c4 e6 2. Nc3 Nf6 3. g3 c6 4. Bg2 d5 5. cxd5 exd5 6. d4 Bd6 7. e3 O-O 8. Nge2
Bf5 9. O-O Qd7 10. Re1 Na6 11. a3 Nc7 12. b4 Ne6 13. h4 Qc7 14. Bb2 g6 15. Nf4
Bxf4 16. exf4 Rfe8 17. Rc1 Qd6 18. Qd2 Rad8 19. Qe3 Re7 20. Qe5 Qxe5 21. dxe5
Nd7 22. a4 Nb6 23. Ba1 d4 24. a5 Nc8 25. Ne4 Bxe4 26. Bxe4 d3 27. Rcd1 Red7 28.
Rd2 Nd4 29. Red1 Nb3 30. Rb2 Nxa1 31. Rxa1 d2 32. Rd1 a6 33. Kf1 Na7 34. Bg2
Nb5 35. Rb3 Rc7 36. Rb2 Rcd7 37. Rb3 Rd4 38. Ke2 Rxb4 39. Rxb4 Nc3+ 40. Kf1
Nxd1 41. Bf3 Nc3 42. Rxb7 d1=Q+ 43. Bxd1 Rxd1+ 0-1

[Event "Russian Championship B11 1st league 2016"]
[Site "Loo"]
[Date "2016.04.27"]
[Round "8.15"]
[White "Prutskov, Aleksei"]
[Black "Shemyakinskiy, Nikita"]
[Result "0-1"]
[WhiteElo "1540"]
[BlackElo "1371"]
[PlyCount "50"]
[EventDate "2016.04.20"]

1. d4 Nf6 2. c4 e5 3. dxe5 Ng4 4. Nf3 Bc5 5. e3 Nc6 6. a3 a5 7. Bd2 O-O 8. Be2
Re8 9. O-O Ngxe5 10. Nxe5 Nxe5 11. Bc3 Ra6 12. Bd2 Qh4 13. g3 Qh3 14. e4 Ree6
15. Bf4 Rh6 16. g4 Ng6 17. Bxh6 Nh4 18. Bf3 Nxf3+ 19. Qxf3 Qxf3 20. Bd2 Qxg4+
21. Kh1 Rg6 22. Bg5 Qf3+ 23. Kg1 Bxf2+ 24. Rxf2 Rxg5+ 25. Kf1 Qd1# 0-1

[Event "Russian Championship B11 1st league 2016"]
[Site "Loo"]
[Date "2016.04.27"]
[Round "8.16"]
[White "Kichin, Alexander"]
[Black "Rychikhin, Vladislav"]
[Result "0-1"]
[WhiteElo "1605"]
[BlackElo "1406"]
[PlyCount "106"]
[EventDate "2016.04.20"]

1. e4 c6 2. d4 d5 3. e5 c5 4. dxc5 Nc6 5. Bb5 e6 6. Bxc6+ bxc6 7. Be3 Ne7 8. c3
Nf5 9. Bd4 Qc7 10. Ne2 Rb8 11. Qc2 Be7 12. O-O O-O 13. Ng3 Nxd4 14. cxd4 Ba6
15. Rd1 f6 16. Re1 Qd7 17. Nd2 fxe5 18. dxe5 Qb7 19. Nb3 Qb4 20. Re3 Bg5 21. a3
Qb7 22. Rc3 Bf4 23. Nd4 Qd7 24. Re1 Rf7 25. Nh5 Bh6 26. Rg3 Kh8 27. Qa4 Bb5 28.
Nxb5 Rxb5 29. Qd4 Rf5 30. Rf3 Rxf3 31. gxf3 Qf7 32. Qh4 Qf8 33. b4 Rb8 34. f4
Qf5 35. Ng3 Qxf4 36. Qxf4 Bxf4 37. Nh5 Bh6 38. Kg2 Kg8 39. f4 Kf7 40. Rf1 g6
41. Nf6 Bg7 42. Nxh7 a5 43. Ng5+ Ke7 44. Rb1 Bh6 45. h4 Bxg5 46. fxg5 axb4 47.
Rxb4 Ra8 48. a4 Ra5 49. h5 gxh5 50. g6 Kf8 51. Rb8+ Kg7 52. Re8 Kxg6 53. Rxe6+
Kf5 0-1

[Event "Russian Championship B11 1st league 2016"]
[Site "Loo"]
[Date "2016.04.27"]
[Round "8.17"]
[White "Kochetov, Vyacheslav"]
[Black "Saik, Maxim"]
[Result "1-0"]
[WhiteElo "1583"]
[BlackElo "1384"]
[PlyCount "97"]
[EventDate "2016.04.20"]

1. e4 c5 2. Nf3 d6 3. c3 Nf6 4. Be2 Nbd7 5. d3 e6 6. O-O Be7 7. Re1 O-O 8. Bf1
b6 9. d4 Bb7 10. Bd3 d5 11. e5 Ne4 12. Bf4 cxd4 13. cxd4 Bb4 14. Bd2 Bxd2 15.
Nbxd2 Nxd2 16. Qxd2 Rc8 17. Rac1 Qe7 18. h3 a6 19. Rc2 Rxc2 20. Bxc2 Rc8 21.
Rc1 b5 22. Bb3 Qd8 23. Rc2 Rxc2 24. Qxc2 Qc8 25. Qxc8+ Bxc8 26. Kf1 f6 27. exf6
gxf6 28. Ke2 Bb7 29. Kd2 b4 30. a3 a5 31. axb4 axb4 32. Ne1 Ba6 33. h4 Bc4 34.
Bxc4 dxc4 35. Nc2 c3+ 36. bxc3 bxc3+ 37. Kxc3 e5 38. dxe5 Nxe5 39. Ne3 Kg7 40.
Kd4 Kg6 41. Ke4 h6 42. f4 Nf7 43. g3 Nd6+ 44. Kf3 f5 45. g4 fxg4+ 46. Kxg4 h5+
47. Kf3 Nf5 48. Nxf5 Kxf5 49. Ke3 1-0

[Event "Russian Championship B11 1st league 2016"]
[Site "Loo"]
[Date "2016.04.27"]
[Round "8.18"]
[White "Adiyatullin, Timur"]
[Black "Labutin, Matvey"]
[Result "1-0"]
[WhiteElo "1420"]
[BlackElo "1533"]
[PlyCount "133"]
[EventDate "2016.04.20"]

1. e4 d6 2. d4 Nf6 3. Nc3 g6 4. Bc4 Bg7 5. Nf3 Nbd7 6. O-O O-O 7. Re1 c5 8. e5
Ne8 9. e6 fxe6 10. Bxe6+ Kh8 11. Bxd7 Bxd7 12. dxc5 dxc5 13. Bg5 Bf6 14. Bh6
Bg7 15. Bxg7+ Kxg7 16. Qe2 e6 17. Qe5+ Qf6 18. Qxc5 Qf5 19. Qxf5 exf5 20. Re7+
Rf7 21. Rae1 Nf6 22. Rxf7+ Kxf7 23. Ng5+ Kf8 24. Ne6+ Bxe6 25. Rxe6 Re8 26.
Rxe8+ Nxe8 27. Kf1 a6 28. Ke2 Ke7 29. Kd3 Kd6 30. Ne2 Nf6 31. f3 Nd5 32. c4 Nf6
33. Kd4 Ne8 34. c5+ Ke7 35. Nf4 Kd7 36. Nd3 Ke6 37. c6 b6 38. Nb4 a5 39. Nd5
Kd6 40. Nxb6 Kxc6 41. Nc4 Kb5 42. Ne5 Nc7 43. Nf7 Ne6+ 44. Ke3 Kb4 45. Ne5 a4
46. Nd3+ Kc4 47. Ne5+ Kb4 48. Nd7 Kc4 49. Nf6 h5 50. Nd7 Kb4 51. Ne5 g5 52. Nf7
Kc4 53. Nd6+ Kd5 54. Nxf5 Ke5 55. Ne7 Nc5 56. Nc6+ Kd5 57. Nd4 Ke5 58. Ne2 h4
59. g3 Ne6 60. f4+ gxf4+ 61. Nxf4 hxg3 62. hxg3 Nxf4 63. gxf4+ Kf5 64. b3 a3
65. b4 Ke6 66. Ke4 Kd6 67. f5 1-0

[Event "Russian Championship B11 1st league 2016"]
[Site "Loo"]
[Date "2016.04.27"]
[Round "8.19"]
[White "Kuzminykh, Nikita"]
[Black "Smirnov, Ilja"]
[Result "1-0"]
[WhiteElo "1388"]
[BlackElo "1506"]
[PlyCount "73"]
[EventDate "2016.04.20"]

1. e4 c5 2. c3 e5 3. Nf3 d6 4. d4 exd4 5. cxd4 Nf6 6. Bb5+ Bd7 7. Bxd7+ Nbxd7
8. e5 dxe5 9. dxe5 Ng4 10. Bf4 Be7 11. O-O O-O 12. h3 Nh6 13. Bxh6 gxh6 14. Qa4
Qc7 15. Qg4+ Kh8 16. Re1 Rg8 17. Qc4 f6 18. e6 Ne5 19. Nxe5 fxe5 20. Kh1 Rg6
21. f3 Qb6 22. Qc3 Rc8 23. Rxe5 Bf6 24. e7 Bxe5 25. Qxe5+ Qf6 26. e8=Q+ Rxe8
27. Qxe8+ Rg8 28. Qe2 b5 29. Nc3 b4 30. Ne4 Qd4 31. Qf2 Qe5 32. Nxc5 Rc8 33.
Nb3 Qe7 34. Qd4+ Kg8 35. Qg4+ Qg7 36. Qxg7+ Kxg7 37. Rd1 1-0

[Event "Russian Championship B11 1st league 2016"]
[Site "Loo"]
[Date "2016.04.27"]
[Round "8.20"]
[White "Broderzon, Alexander"]
[Black "Demekhin, Maxim"]
[Result "0-1"]
[WhiteElo "1497"]
[BlackElo "1334"]
[PlyCount "76"]
[EventDate "2016.04.20"]

1. e4 c6 2. d4 d5 3. Nc3 dxe4 4. Nxe4 Nf6 5. Nxf6+ exf6 6. Nf3 Bd6 7. Be2 Bg4
8. h3 Bh5 9. c3 O-O 10. Be3 Qc7 11. Qd2 f5 12. Qc2 f4 13. Bd2 Re8 14. Kd1 Nd7
15. Bd3 Nf6 16. Qb3 Ne4 17. Rf1 Rac8 18. Kc2 Nxd2 19. Kxd2 c5 20. Qd5 Bxf3 21.
gxf3 cxd4 22. Qxd4 Be5 23. Qb4 a5 24. Qb3 a4 25. Qc2 Qd7 26. Rad1 Kh8 27. Kc1
a3 28. Bf5 axb2+ 29. Kb1 Qb5 30. Bxc8 Rxc8 31. Rfe1 h6 32. c4 Qa5 33. Qf5 Ra8
34. Kc2 Qa4+ 35. Kd2 Re8 36. Ke2 Qxc4+ 37. Rd3 Qc2+ 38. Kf1 Qxd3+ 0-1

[Event "Russian Championship B11 1st league 2016"]
[Site "Loo"]
[Date "2016.04.27"]
[Round "8.21"]
[White "Maslov, Dmitrij"]
[Black "Kucherov, Matvey"]
[Result "1-0"]
[WhiteElo "1358"]
[BlackElo "1496"]
[PlyCount "63"]
[EventDate "2016.04.20"]

1. e4 e6 2. d4 d5 3. Nd2 dxe4 4. Nxe4 Nd7 5. Nf3 Ngf6 6. Nc3 Be7 7. Bd3 c5 8.
O-O O-O 9. Be3 b6 10. Re1 Bb7 11. Qe2 a6 12. Rad1 Qc7 13. Qd2 Bxf3 14. gxf3
Rfd8 15. Bf4 Bd6 16. Bxd6 Qxd6 17. dxc5 Qxc5 18. Kh1 Ne5 19. Qe2 Nxd3 20. cxd3
Rd4 21. Rg1 Rad8 22. Rc1 Qf5 23. Ne4 Rxd3 24. Qxd3 Nd5 25. Qb3 Rf8 26. Rg3 h6
27. Qa3 Nf4 28. Nd6 Qe5 29. Rcg1 g6 30. Rg4 g5 31. Qe3 Qxe3 32. fxe3 1-0

[Event "Russian Championship B11 1st league 2016"]
[Site "Loo"]
[Date "2016.04.27"]
[Round "8.23"]
[White "Sepiashvili, Ivan"]
[Black "Petrovsky, Nikita"]
[Result "1/2-1/2"]
[WhiteElo "1377"]
[BlackElo "1486"]
[PlyCount "81"]
[EventDate "2016.04.20"]

1. e4 e6 2. d4 d5 3. Nc3 Bb4 4. e5 c5 5. a3 Bxc3+ 6. bxc3 Ne7 7. Qg4 Qc7 8. Bd3
cxd4 9. Ne2 dxc3 10. Qxg7 Rg8 11. Qxh7 Qxe5 12. Bf4 Qf6 13. h4 Rh8 14. Bg5 Qe5
15. Bf4 Rxh7 16. Bxe5 f5 17. Bxc3 Nbc6 18. f4 Kf7 19. g4 d4 20. Nxd4 Nxd4 21.
Bxd4 Ng6 22. h5 Nxf4 23. gxf5 Rxh5 24. fxe6+ Kxe6 25. Rxh5 Nxh5 26. Kd2 Kd6 27.
Rg1 Nf4 28. Be4 Ne6 29. Bc3 Nc5 30. Bb4 Ke5 31. Bf3 Ne4+ 32. Ke3 Bf5 33. Bxe4
Bxe4 34. Bc3+ Kd5 35. Rd1+ Kc4 36. Kxe4 Kxc3 37. Rd7 b6 38. Kd5 Kxc2 39. Kc6
Rc8+ 40. Kb7 Rc3 41. Kxa7 1/2-1/2

[Event "Russian Championship B11 1st league 2016"]
[Site "Loo"]
[Date "2016.04.27"]
[Round "8.24"]
[White "Kulakov, Timofei"]
[Black "Badazhkov, Egor"]
[Result "1-0"]
[WhiteElo "1463"]
[BlackElo "1268"]
[PlyCount "59"]
[EventDate "2016.04.20"]

1. e4 e6 2. d4 d5 3. Nd2 Be7 4. exd5 exd5 5. Bd3 Nf6 6. Ngf3 O-O 7. O-O Bg4 8.
h3 Bh5 9. c3 Nbd7 10. Nb3 Ne4 11. Re1 Ndf6 12. Bf4 Bd6 13. Bxd6 Qxd6 14. Re3
Ng5 15. Be2 Nge4 16. Ne5 Bg6 17. Qc2 Rfe8 18. Bd3 Ng5 19. Rae1 Bxd3 20. Qxd3
Ne6 21. Qc2 Rad8 22. Nd3 b6 23. Qe2 c5 24. dxc5 bxc5 25. Nbxc5 Nxc5 26. Rxe8+
Nxe8 27. Qxe8+ Qf8 28. Qxf8+ Kxf8 29. Nxc5 Rb8 30. Nd7+ 1-0

[Event "Russian Championship B11 1st league 2016"]
[Site "Loo"]
[Date "2016.04.27"]
[Round "8.26"]
[White "Lazarev, Ivan"]
[Black "Murashko, Vladislav"]
[Result "1-0"]
[WhiteElo "1162"]
[BlackElo "1437"]
[PlyCount "47"]
[EventDate "2016.04.20"]

1. e4 c6 2. d4 d5 3. exd5 cxd5 4. Bd3 Nc6 5. c3 Nf6 6. Bf4 Bg4 7. Qb3 Qc8 8.
Nd2 e6 9. Ngf3 Be7 10. O-O O-O 11. Rfe1 Bh5 12. Ne5 Nxe5 13. dxe5 Nd7 14. Qc2
Bg6 15. Bxg6 hxg6 16. Re3 Qc6 17. Qd1 Qa4 18. Qxa4 Nc5 19. Qc2 Rac8 20. Qd1
Rfd8 21. Nb3 Nd7 22. Qf3 Nb6 23. Qg3 Nc4 24. Re2 1-0

[Event "Russian Championship B11 1st league 2016"]
[Site "Loo"]
[Date "2016.04.27"]
[Round "8.28"]
[White "Gukhman, Sergey"]
[Black "Astrakhanskiy, Andrey"]
[Result "1-0"]
[WhiteElo "1669"]
[BlackElo "1300"]
[PlyCount "89"]
[EventDate "2016.04.20"]

1. d4 g6 2. c4 Bg7 3. Nc3 d6 4. e4 Nd7 5. Nf3 e5 6. d5 Ne7 7. Be3 O-O 8. Bd3 f5
9. g3 Nb6 10. Nd2 c6 11. f3 fxe4 12. fxe4 Bd7 13. Qe2 c5 14. O-O-O Qc8 15. h3
Bxh3 16. Qh2 a5 17. Qxh3 Qxh3 18. Rxh3 a4 19. Bg5 Rfe8 20. Rf1 a3 21. b3 Nbc8
22. Rh2 Rf8 23. Rhf2 Rxf2 24. Rxf2 h6 25. Bxe7 Nxe7 26. Nb5 h5 27. Nxd6 Ra7 28.
Ne8 Bh6 29. Rf3 b6 30. Nd6 g5 31. Nf7 g4 32. Nxh6+ Kg7 33. Nf5+ Kh7 34. Nxe7
gxf3 35. Nc6 Rf7 36. Nxe5 Rg7 37. Nexf3 Rxg3 38. d6 Rg7 39. e5+ Kh8 40. e6 Kg8
41. d7 Re7 42. d8=Q+ Kg7 43. Qxe7+ Kg8 44. Qf7+ Kh8 45. Qh7# 1-0

[Event "Russian Championship B11 1st league 2016"]
[Site "Loo"]
[Date "2016.04.27"]
[Round "8.29"]
[White "Gromovoi, Kirill"]
[Black "Baratov, Victor"]
[Result "0-1"]
[WhiteElo "1286"]
[BlackElo "1557"]
[PlyCount "42"]
[EventDate "2016.04.20"]

1. e4 c5 2. Nf3 Nc6 3. c3 d5 4. exd5 Qxd5 5. Be2 g6 6. O-O Bg7 7. d3 Nf6 8. h3
O-O 9. Be3 b6 10. Nbd2 Bb7 11. Qb3 Qd7 12. Rfd1 Qc7 13. Nc4 Rfd8 14. Rd2 Rd7
15. Rad1 Rad8 16. d4 cxd4 17. Nxd4 Ne4 18. Nxc6 Nxd2 19. Nxe7+ Rxe7 20. Bxd2
Rxe2 21. Kf1 Ba6 0-1